000 00723cam a2200229 a 4500
001 3489621
005 20180209073231.0
008 941228s1995 enka s 000 0 eng
010 _a 94049066
020 _a1852788275 :
_c$176.95 (approx.)
040 _aDLC
_cDLC
_dDLC
041 _aeng
080 _a305.26
082 0 0 _a305.26 CRE
_220
100 _a19
101 _aSHP
245 0 4 _aThe economics of ageing /
_cedited by John Creedy.
504 _aIncludes bibliographical references and index.
906 _a7
_bcbc
_corignew
_d1
_eocip
_f19
_gy-gencatlg
942 _2ddc
_cBK
999 _c42263
_d42263